[Event "Cidade do Salvador op"]
[Site "Cidade do Salvador"]
[Date "2009.04.10"]
[Round "2"]
[White "De Castilho Firmino, Jaime"]
[Black "Tine, Vinicius"]
[Result "0-1"]
[WhiteElo "1960"]
[BlackElo "2292"]
[PlyCount "110"]
[EventDate "2009.04.09"]
[EventType "swiss"]
[EventRounds "7"]
[EventCountry "BRA"]
[SourceTitle "EXT 2012"]
[Source "ChessBase"]
[SourceDate "2011.11.24"]
[SourceVersion "1"]
[SourceVersionDate "2011.11.24"]
[SourceQuality "1"]

1. c4 Nf6 2. Nc3 c5 3. Nf3 g6 4. g3 b6 5. Bg2 Bb7 6. 0-0 Bg7 7. d3 0-0 8. e4 Nc6 9. h3 d6 10. Be3 Ne8 11. Qd2 Nc7 12. Bh6 e5 13. Bxg7 Kxg7 14. Nh2 Nd4 15. Nd5 Nxd5 16. cxd5 f5 17. f4 exf4 18. Rxf4 Qg5 19. Qf2 fxe4 20. dxe4 Rxf4 21. gxf4 Qxf4 22. Rf1 Qxf2+ 23. Rxf2 h5 24. Nf3 Nxf3+ 25. Rxf3 Rd8 26. Ra3 a6 27. Rb3 b5 28. a4 b4 29. a5 Bc8 30. Re3 g5 31. Kf2 h4 32. Bf1 Kf6 33. Rf3+ Ke7 34. Re3 g4 35. hxg4 Bxg4 36. e5 Rf8+ 37. Kg1 dxe5 38. Rxe5+ Kd6 39. Rg5 Bc8 40. Bc4 Rf4 41. b3 Rg4+ 42. Rxg4 Bxg4 43. Bxa6 Bf3 44. Bc4 Bxd5 45. Bxd5 Kxd5 46. Kf2 c4 47. bxc4+ Kc5 48. a6 Kb6 49. a7 Kxa7 50. Kf3 b3 51. Kg4 b2 52. Kxh4 b1Q 53. c5 Qg1 54. Kh5 Kb7 55. Kh4 Kc6 0-1

[Event "Cidade do Salvador op"]
[Site "Cidade do Salvador"]
[Date "2009.04.09"]
[Round "1"]
[White "De Castilho Firmino, Jaime"]
[Black "Alves Bezerra, Paulo Jorge"]
[Result "1-0"]
[WhiteElo "1960"]
[BlackElo "2207"]
[PlyCount "73"]
[EventDate "2009.04.09"]
[EventType "swiss"]
[EventRounds "7"]
[EventCountry "BRA"]
[SourceTitle "EXT 2012"]
[Source "ChessBase"]
[SourceDate "2011.11.24"]
[SourceVersion "1"]
[SourceVersionDate "2011.11.24"]
[SourceQuality "1"]

1. c4 Nf6 2. Nc3 g6 3. d4 Bg7 4. e4 d6 5. f3 Nc6 6. Be3 e5 7. d5 Ne7 8. Qd2 a6 9. a4 Nfg8 10. g4 f5 11. gxf5 gxf5 12. Qg2 Bf6 13. Bg5 Ng6 14. Bxf6 Nxf6 15. 0-0-0 Bd7 16. h4 Rg8 17. Qc2 f4 18. h5 Nh8 19. Bh3 Nf7 20. Qb3 Rb8 21. Bxd7+ Qxd7 22. Nge2 Ng5 23. Rdf1 h6 24. Rh2 Qf7 25. Qb4 Nxh5 26. c5 Ke7 27. cxd6+ cxd6 28. Qb6 Kd7 29. Qf2 Nh7 30. Qh4 Rg5 31. a5 Rbg8 32. Qf2 Qf6 33. Qa7 Kc7 34. Kb1 Rb8 35. Nb5+ axb5 36. Rc1+ Kd7 37. Qxb8 1-0